000 00899nam a22002057a 4500
005 20251010142100.0
010 _aHIN-129950
020 _a9789392228339
_c400.00
035 _aHN-102296
037 _bDBAD
082 _2प्रथम
100 _aसुशोभित
_985465
245 _aपवित्र पाप:
_cसुशोभित
_bस्त्री-पुरुष संबंध के समीकरणों पर संवाद
250 _aप्रथम
260 _aनोएडा
_bसेतु प्रकाशन प्रा. लि.
_c2022
270 _aसी-21, सेक्टर-65, नोएडा (उत्तर प्रदेश)
_bनोएडा
_e201301
300 _a176 पृ.
_c20.3 सेमी (अजिल्द )
700 _aसुशोभित
_983165
942 _2ddc
_cHN
_h305.4
_mसुशोभि
999 _c212483
_d212483